Biblioteca y Centro de Documentación

Repertorio de jurisprudencia (Registro nro. 25662)

Detalles MARC
000 -CABECERA
Longitud fija campo de control 01003nas a2200337 c 4500
001 - NÚMERO DE CONTROL
Número de control 25662
003 - IDENTIFICADOR DE NÚMERO DE CONTROL
Identificador del número de control ES-MaCES
005 - FECHA Y HORA DE LA ÚLTIMA TRANSACCIÓN
Fecha y hora de la última transacción 20160415200841.0
008 - CAMPO FIJO DE DESCRIPCIÓN FIJA--INFORMACIÓN GENERAL
Códigos de información de longitud fija   971027u1930 sp a| | |spa d
022 1# - ISSN (INTERNATIONAL STANDARD SERIAL NUMBER)
Número Internacional Normalizado para Publicaciones Seriadas 0210-5772
035 ## - NÚMERO DE CONTROL DEL SISTEMA
Número de control del sistema CES19980006433p
Número de control cancelado;no válido 10657
040 ## - FUENTE DE CATALOGACIÓN
Centro catalogador de origen ES-MaCES
Lengua de catalogación spa
Centro transcriptor ES-MaCES
245 00 - MENCIÓN DE TÍTULO
Título Repertorio de jurisprudencia
260 ## - PUBLICACIÓN, DISTRIBUCIÓN, ETC (PIE DE IMPRENTA)
Lugar de publicación, distribución, etc. Pamplona (Carlos III, 34, 31004)
Nombre del editor, distribuidor, etc. Aranzadi
Fecha de publicación, distribución, etc. 1975-
300 ## - DESCRIPCIÓN FÍSICA
Extensión v.
Dimensiones 25 cm
310 ## - PERIODICIDAD ACTUAL DE LA PUBLICACIÓN
Periodicidad actual Anual
362 0# - DATOS DE LA PUBLICACIÓN Y/O DESIGNACIÓN SECUENCIAL
Fecha de publicación y;o designación secuencial 1930-
500 ## - NOTA GENERAL
Nota general ISSN a partir del T. 49, 1982
500 ## - NOTA GENERAL
Nota general Indices
525 ## - NOTA DE SUPLEMENTO
Nota de suplemento A partir de feb. de 1999, publica un suplemento: Noticario jurídico Aranzadi
541 ## - NOTA DE LA FUENTE INMEDIANTE DE ADQUISICIÓN
Forma de adquisición Compra
650 #4 - ASIENTO SECUNDARIO DE MATERIA--TÉRMINO DE MATERIA
Término de materia o nombre geográfico como elemento inicial tribunal supremo
9 (RLIN) 29919
650 #4 - ASIENTO SECUNDARIO DE MATERIA--TÉRMINO DE MATERIA
Término de materia o nombre geográfico como elemento inicial España
9 (RLIN) 26964
650 #4 - ASIENTO SECUNDARIO DE MATERIA--TÉRMINO DE MATERIA
Término de materia o nombre geográfico como elemento inicial jurisprudencia
9 (RLIN) 28624
653 10 - TÉRMINO DE INDEXACIÓN--NO CONTROLADO
Término no controlado Jurisprudencia
866 #0 - FUENTES TEXTUALES--UNIDAD BIBLIOGRÁFICA BÁSICA
Holdings textuales 1930-2005.
Nota pública Ubicación: DEPÓSITO EXTERNO - 10657
905 ## - CES. DATOS REVISTA
Proceso +
942 ## - ELEMENTOS KOHA
Fuente de clasificaión o esquema Clasificación propia del CES
Koha [por defecto] tipo de item Periódicas
Parte de clasificación Jurisprudencia
Existencias
Serie de enumeración ; cronología Número de registro Préstamos totales Tipo de item de Koha
Los fascículos están disponibles en la biblioteca del CES 034225   Periódicas
© CES, Consejo Económico y Social de España 2021